[Event "Lichtenrader Herbst 2019"]
[Site "Berlin"]
[Date "2019.10.16"]
[Round "5.21"]
[White "Kostanyan, Hakob"]
[Black "Kutschke, Jens"]
[Result "1-0"]
[WhiteElo "1887"]
[BlackElo "2002"]
[PlyCount "65"]
[EventDate "2019.??.??"]

1. e4 e6 2. d4 d5 3. Nd2 Nf6 4. e5 Nfd7 5. Bd3 c5 6. c3 Nc6 7. Ne2 f6 8. f4
cxd4 9. cxd4 Qb6 10. Nf3 Bb4+ 11. Bd2 O-O 12. O-O fxe5 13. fxe5 Bxd2 14. Qxd2
h6 15. Kh1 Qb4 16. Qe3 Nb6 17. a3 Qe7 18. Nf4 Qd8 19. b3 Ne7 20. Bc2 Bd7 21.
Qd3 Rxf4 22. Qh7+ Kf8 23. Nh4 Rxf1+ 24. Rxf1+ Nf5 25. Nxf5 exf5 26. Bxf5 Bxf5
27. Rxf5+ Ke8 28. Qg6+ Kd7 29. Qd6+ Kc8 30. Rf8 Qxf8 31. Qxf8+ Kc7 32. Qd6+ Kc8
33. e6 1-0

[Event "Lichtenrader Herbst 2019"]
[Site "Berlin"]
[Date "2019.10.16"]
[Round "5.22"]
[White "Jaeger, Andre"]
[Black "Petersen, Marcel"]
[Result "0-1"]
[WhiteElo "1865"]
[BlackElo "1818"]
[PlyCount "50"]
[EventDate "2019.??.??"]

1. d4 f5 2. Bg5 h6 3. Bh4 g5 4. Bg3 Nf6 5. e3 d6 6. Nc3 Bg7 7. h4 g4 8. h5 O-O
9. Nge2 Re8 10. Nf4 Kh7 11. d5 c6 12. Ne6 Bxe6 13. dxe6 Qc8 14. Qd3 Qxe6 15.
O-O-O Na6 16. f3 Nb4 17. Qc4 Qxe3+ 18. Kb1 Nfd5 19. Bd3 Nxc3+ 20. bxc3 Nxd3 21.
Rxd3 Qg5 22. f4 Qf6 23. Bh4 d5 24. Qc5 Qd6 25. Bxe7 Qxe7 0-1

[Event "Lichtenrader Herbst 2019"]
[Site "Berlin"]
[Date "2019.10.16"]
[Round "5.23"]
[White "Bergmann, Jens"]
[Black "Arndt, Uwe"]
[Result "1/2-1/2"]
[WhiteElo "1856"]
[BlackElo "1942"]
[PlyCount "48"]
[EventDate "2019.??.??"]

1. e4 c6 2. d4 d5 3. exd5 cxd5 4. Nf3 Nc6 5. Nc3 Bg4 6. Bb5 Nf6 7. h3 Bxf3 8.
Qxf3 e6 9. O-O a6 10. Bxc6+ bxc6 11. Be3 Rb8 12. b3 Bd6 13. Bf4 O-O 14. Na4 Ne4
15. Bxd6 Qxd6 16. Qd3 a5 17. f3 Ng3 18. Rfe1 Nf5 19. Nc5 Rfd8 20. Re5 g6 21.
Rae1 Qe7 22. c3 Qh4 23. Qd2 h6 24. Qf2 Qxf2+ 1/2-1/2

[Event "Lichtenrader Herbst 2019"]
[Site "Berlin"]
[Date "2019.10.16"]
[Round "5.24"]
[White "Riering, Berthold"]
[Black "Ziese, Gerhard"]
[Result "1-0"]
[WhiteElo "1983"]
[BlackElo "1895"]
[PlyCount "67"]
[EventDate "2019.??.??"]

1. e4 e5 2. Nf3 Nc6 3. d4 exd4 4. Bc4 Nf6 5. e5 d5 6. Bb5 Ne4 7. Nxd4 Bc5 8.
Be3 Bd7 9. Bxc6 bxc6 10. O-O O-O 11. f3 Ng5 12. f4 Ne4 13. Nd2 Nxd2 14. Qxd2
Bb6 15. Nb3 Qe7 16. Rae1 Rfd8 17. Qc3 Be8 18. Bc5 d4 19. Qc4 Qe6 20. Qxe6 fxe6
21. Rd1 Bg6 22. Bxb6 axb6 23. Nxd4 Rxa2 24. Nxe6 Rxd1 25. Rxd1 Bxc2 26. Rd7 Bf5
27. Rxg7+ Kh8 28. Re7 Bxe6 29. Rxe6 c5 30. f5 Ra4 31. f6 Kg8 32. Re8+ Kf7 33.
Re7+ Kg6 34. f7 1-0

[Event "Lichtenrader Herbst 2019"]
[Site "Berlin"]
[Date "2019.10.16"]
[Round "5.25"]
[White "Alten, Silvio"]
[Black "Schnabel, Luise"]
[Result "1/2-1/2"]
[WhiteElo "1893"]
[BlackElo "1900"]
[PlyCount "51"]
[EventDate "2019.??.??"]

1. e4 Nf6 2. e5 Nd5 3. c4 Nb6 4. d4 d6 5. f4 dxe5 6. fxe5 Bf5 7. Nc3 e6 8. Nf3
Bb4 9. Bd3 Bxd3 10. Qxd3 c5 11. O-O Nc6 12. Ne4 cxd4 13. c5 Nc8 14. Nfg5 Rf8
15. Nxh7 Rg8 16. Nef6+ gxf6 17. Nxf6+ Ke7 18. Qh7 Rh8 19. Nd5+ Kd7 20. Qxf7+
N8e7 21. Nxb4 Nxb4 22. Bg5 Nbc6 23. Rad1 Qf8 24. a3 Qxf7 25. Rxf7 Rae8 26. Bf6
1/2-1/2

[Event "Lichtenrader Herbst 2019"]
[Site "Berlin"]
[Date "2019.10.16"]
[Round "5.26"]
[White "Dathe, Frederick"]
[Black "Ibrahim, Kinan"]
[Result "1/2-1/2"]
[WhiteElo "2084"]
[BlackElo "1622"]
[PlyCount "55"]
[EventDate "2019.??.??"]

1. Nf3 Nf6 2. g3 d5 3. Bg2 c5 4. O-O e6 5. c4 Be7 6. cxd5 exd5 7. d4 Nc6 8. Nc3
cxd4 9. Nb5 O-O 10. Nbxd4 Bc5 11. h3 Nxd4 12. Nxd4 Ne4 13. Be3 Re8 14. Qd3 Qe7
15. Rac1 Bb6 16. Bf4 a6 17. Rcd1 Bd7 18. Qb3 Bxd4 19. Rxd4 Bc6 20. Qb6 Rac8 21.
Rfd1 Qf6 22. Bf3 h6 23. Kg2 Qg6 24. h4 Qf6 25. h5 Kh8 26. Bg4 Ra8 27. Bf3 Qf5
28. Rh1 1/2-1/2

[Event "Lichtenrader Herbst 2019"]
[Site "Berlin"]
[Date "2019.10.16"]
[Round "5.27"]
[White "Ruddat, Judith"]
[Black "Barbier, Astrid"]
[Result "1/2-1/2"]
[WhiteElo "1939"]
[BlackElo "1974"]
[PlyCount "40"]
[EventDate "2019.??.??"]

1. e4 c5 2. Nc3 g6 3. f4 Bg7 4. Nf3 Nc6 5. Bc4 e6 6. O-O Nge7 7. d3 O-O 8. Qe1
a6 9. a4 d5 10. Bb3 b6 11. f5 exf5 12. Nxd5 fxe4 13. Qxe4 Bf5 14. Nxe7+ Nxe7
15. Qh4 Nc6 16. Bg5 Qd6 17. Bf4 Qd8 18. Bg5 Qd6 19. Bf4 Qd8 20. Bg5 Qd6 1/2-1/2

[Event "Lichtenrader Herbst 2019"]
[Site "Berlin"]
[Date "2019.10.16"]
[Round "5.28"]
[White "Fenske, Nils"]
[Black "Stein, Siegfried"]
[Result "1/2-1/2"]
[WhiteElo "1821"]
[BlackElo "1798"]
[PlyCount "114"]
[EventDate "2019.??.??"]

1. d4 Nf6 2. Nf3 g6 3. c4 Bg7 4. Nc3 O-O 5. e4 d6 6. h3 Na6 7. Be3 c5 8. d5 Qa5
9. Bd2 Bd7 10. Be2 Qd8 11. O-O Nc7 12. Ne1 a6 13. a4 Rb8 14. a5 b5 15. axb6
Rxb6 16. Qc2 Qb8 17. Bc1 Qb7 18. Ra3 Rb8 19. f4 Nfe8 20. Nf3 Rb3 21. Ra2 Qb4
22. Nd2 Rxc3 23. bxc3 Bxc3 24. Nf3 Bg7 25. Bd2 Qb7 26. f5 Nf6 27. fxg6 hxg6 28.
e5 dxe5 29. Nxe5 Nce8 30. Bd3 Qa7 31. Be3 Nd6 32. Qf2 Rc8 33. Qf3 Bf5 34. Bxf5
Nxf5 35. Nc6 Qb6 36. g4 Rxc6 37. dxc6 Nxe3 38. Qxe3 Nxg4 39. Qe4 Bd4+ 40. Kh1
Ne3 41. Rb1 Qc7 42. Qf3 Nxc4 43. Rb7 Qe5 44. Re2 Qg5 45. Re1 Ne5 46. Qg2 Qh4
47. Re4 Qh5 48. Rxd4 cxd4 49. c7 Qd1+ 50. Kh2 Nf3+ 51. Kg3 Qe1+ 52. Kxf3 Qe3+
53. Kg4 Qe6+ 54. Kg3 Qe5+ 55. Kf2 Qe3+ 56. Kf1 Qc1+ 57. Ke2 Qc2+ 1/2-1/2

[Event "Lichtenrader Herbst 2019"]
[Site "Berlin"]
[Date "2019.10.16"]
[Round "5.29"]
[White "Becker, Werner"]
[Black "Tham, Nam"]
[Result "1/2-1/2"]
[WhiteElo "1760"]
[BlackElo "1927"]
[PlyCount "38"]
[EventDate "2019.??.??"]

1. d4 d5 2. c4 e6 3. Nc3 c6 4. cxd5 exd5 5. Qc2 Bd6 6. e3 Nf6 7. Bd3 O-O 8.
Nge2 Re8 9. O-O Nbd7 10. Ng3 Nf8 11. Re1 Ng6 12. Bd2 Bd7 13. e4 Bxg3 14. hxg3
dxe4 15. Nxe4 Nxe4 16. Bxe4 Be6 17. Be3 Bd5 18. Bd3 {(=)} Qf6 19. a3 h6 1/2-1/2

[Event "Lichtenrader Herbst 2019"]
[Site "Berlin"]
[Date "2019.10.16"]
[Round "5.30"]
[White "Froehlich, Sergej"]
[Black "Stumpf, Daniel"]
[Result "1-0"]
[WhiteElo "1763"]
[BlackElo "2045"]
[PlyCount "73"]
[EventDate "2019.??.??"]

1. d4 e6 2. c4 c5 3. d5 exd5 4. cxd5 d6 5. Nf3 Nf6 6. Nc3 Be7 7. g3 Bd7 8. Bg2
b5 9. e3 Na6 10. O-O O-O 11. Re1 b4 12. Ne2 Nc7 13. Nf4 Nb5 14. e4 Rc8 15. e5
dxe5 16. Nxe5 Bd6 17. Nxd7 Nxd7 18. a4 Nd4 19. Be3 Nf5 20. Bd2 Be5 21. Rb1 Nb6
22. Rxe5 Nd4 23. Bxb4 cxb4 24. Qxd4 Rc4 25. Qd1 Qd6 26. Re1 Rfc8 27. b3 Rc2 28.
Qd4 h6 29. Bh3 Rd8 30. Re5 Qf6 31. Rbe1 Rf8 32. Qxb4 g5 33. Rf5 Qd8 34. Nh5 f6
35. Qe4 Rc7 36. Rf3 Nxd5 37. Be6+ 1-0

[Event "Lichtenrader Herbst 2019"]
[Site "Berlin"]
[Date "2019.10.17"]
[Round "6.4"]
[White "Noetzel, Felix"]
[Black "Tschernatsch, Johannes"]
[Result "1-0"]
[WhiteElo "2233"]
[BlackElo "2132"]
[PlyCount "91"]
[EventDate "2019.??.??"]

1. e4 c5 2. Nf3 d6 3. d4 cxd4 4. Nxd4 Nf6 5. Nc3 a6 6. Be3 e5 7. Nb3 Be6 8. f3
Nbd7 9. Qd2 Be7 10. O-O-O O-O 11. g4 b5 12. g5 b4 13. Ne2 Ne8 14. f4 a5 15. f5
a4 16. Nbd4 exd4 17. Nxd4 Bxa2 18. Nc6 Qc7 19. Nxe7+ Kh8 20. Qxb4 Rb8 21. Qc3
Qxc3 22. bxc3 Ne5 23. Kd2 f6 24. Ra1 Rb2 25. Nd5 Bxd5 26. exd5 fxg5 27. Rxa4
Nf6 28. Bg2 h6 29. Rha1 g4 30. Bd4 Nfd7 31. Ra8 Rbb8 32. Rxb8 Rxb8 33. Ra6 Rf8
34. Kc1 Rf6 35. Be4 h5 36. Ra8+ Kh7 37. Re8 h4 38. c4 Nxc4 39. Bxf6 Nxf6 40.
Re6 Nxe4 41. Rxe4 Ne5 42. Kd2 Nf3+ 43. Ke2 Nxh2 44. c4 h3 45. Kf2 Kh6 46. c5
1-0

[Event "Lichtenrader Herbst 2019"]
[Site "Berlin"]
[Date "2019.10.17"]
[Round "6.6"]
[White "Matthes, Aaron"]
[Black "Katzir, Moshe"]
[Result "1-0"]
[WhiteElo "1995"]
[BlackElo "2125"]
[PlyCount "61"]
[EventDate "2019.??.??"]

1. d4 d5 2. c4 e6 3. cxd5 exd5 4. Nc3 c6 5. Qc2 Bd6 6. Nf3 Ne7 7. e4 dxe4 8.
Nxe4 Bb4+ 9. Bd2 Bxd2+ 10. Qxd2 Bf5 11. Bd3 Qd5 12. O-O O-O 13. Rfe1 Ng6 14.
Qb4 b5 15. Rac1 Nf4 16. Bb1 Bg4 17. Neg5 Na6 18. Qd2 Ng6 19. Be4 Qd8 20. Rxc6
Nc7 21. Qc2 Nd5 22. h3 Bxf3 23. Nxf3 Nb4 24. Qc5 Nxc6 25. Bxc6 Rc8 26. Qxb5 Rb8
27. Qc5 Rxb2 28. Qxa7 Qf6 29. d5 Nf4 30. Qa3 Qg6 31. Qxf8+ 1-0

[Event "Lichtenrader Herbst 2019"]
[Site "Berlin"]
[Date "2019.10.17"]
[Round "6.7"]
[White "Holinka, Henning"]
[Black "Gebigke, Martin"]
[Result "1-0"]
[WhiteElo "2101"]
[BlackElo "2068"]
[PlyCount "155"]
[EventDate "2019.??.??"]

1. e4 c5 2. Nf3 d6 3. d4 cxd4 4. Nxd4 Nf6 5. Nc3 a6 6. Bg5 e6 7. f4 Be7 8. Qe2
Nc6 9. O-O-O Qc7 10. g4 O-O 11. Bh4 Nxe4 12. Nxc6 Bxh4 13. Nxe4 Qxc6 14. Rxd6
Qa4 15. g5 e5 16. fxe5 Bf5 17. Nc3 Qf4+ 18. Kb1 Rae8 19. Bg2 Rxe5 20. Qf3 Qb4
21. Rhd1 Bxg5 22. Qxb7 a5 23. R6d4 Qc5 24. Be4 Be6 25. Bd5 Bxd5 26. Rxd5 Qe3
27. Rxe5 Qxe5 28. Qd5 Re8 29. Qxe5 Rxe5 30. Nd5 f5 31. c4 Kf7 32. c5 Re6 33. a3
a4 34. Nb4 Be7 35. Rc1 Ke8 36. c6 Kd8 37. Nd5 Kc8 38. Rc4 Re5 39. Nb6+ Kc7 40.
Na8+ Kc8 41. Nb6+ Kc7 42. Na8+ Kc8 43. Rxa4 Rc5 44. Nb6+ Kc7 45. Ra7+ Kxb6 46.
Rxe7 f4 47. Rxg7 Rf5 48. c7 Kb7 49. Rg2 Kxc7 50. Kc2 Kd6 51. Kd3 Ke5 52. Rc2
Rf6 53. Rc5+ Kd6 54. Ra5 Kc7 55. Rc5+ Kd6 56. Rc2 Ke5 57. Re2+ Kd5 58. Rf2 Ke5
59. Rc2 Rd6+ 60. Ke2 Rh6 61. Kf3 Rh4 62. Rc5+ Kd4 63. Rb5 Rxh2 64. Kxf4 h5 65.
Kg3 Rh1 66. Kg2 Rb1 67. a4 Kc4 68. b3+ Kc3 69. a5 Re1 70. Rb6 Re8 71. a6 Kd4
72. b4 Kd5 73. b5 Re2+ 74. Kf3 Ra2 75. Rb7 h4 76. Kg4 Ra4+ 77. Kh3 Kc5 78. a7
1-0

[Event "Lichtenrader Herbst 2019"]
[Site "Berlin"]
[Date "2019.10.17"]
[Round "6.9"]
[White "Rosmait, Emily"]
[Black "Polatel, Ali"]
[Result "0-1"]
[WhiteElo "1908"]
[BlackElo "2235"]
[PlyCount "144"]
[EventDate "2019.??.??"]

1. e4 c6 2. d4 d5 3. Nc3 dxe4 4. Nxe4 Nd7 5. Bd3 Ngf6 6. Ng5 e6 7. N1f3 Bd6 8.
Qe2 h6 9. Ne4 Nxe4 10. Qxe4 Nf6 11. Qh4 Ke7 12. Nd2 g5 13. Qh3 e5 14. Bf5 e4
15. Bxc8 Qxc8 16. Qb3 b5 17. a4 Qe6 18. Qxe6+ Kxe6 19. axb5 cxb5 20. O-O a5 21.
Re1 Kf5 22. f3 exf3 23. Nxf3 Rhe8 24. Rxe8 Nxe8 25. Bd2 a4 26. Ne5 Bxe5 27.
dxe5 Kxe5 28. Bc3+ Kf5 29. Rd1 Rb8 30. Rd5+ Kg6 31. Bb4 Ng7 32. Kf2 Ne6 33. Kf3
h5 34. g4 hxg4+ 35. Kxg4 Rc8 36. c3 f5+ 37. Kg3 Rb8 38. Rd6 Kf6 39. c4 f4+ 40.
Kg2 bxc4 41. Bc3+ Kf5 42. Rc6 a3 43. bxa3 Rb3 44. Rxc4 Rxa3 45. Bb2 Rd3 46. Rc2
Kg4 47. Be5 Nf8 48. Rc3 Rd2+ 49. Kg1 Ng6 50. h3+ Kh5 51. Bc7 Ne7 52. Rf3 Nd5
53. Bb8 Kg6 54. Ba7 Kf5 55. Bf2 Ra2 56. Rb3 Ke4 57. Rb1 Kf3 58. Bc5 Rg2+ 59.
Kh1 Rc2 60. Ba7 Ra2 61. Bc5 Re2 62. Rg1 Re5 63. Kh2 Nf6 64. Rf1+ Ke2 65. Rf2+
Ke1 66. Bd4 Re4 67. Bb6 Nd7 68. Rc2 Ne5 69. Ba5+ Kd1 70. Rd2+ Kc1 71. Rg2 Rd4
72. Bc3 Nf3+ 0-1

[Event "Lichtenrader Herbst 2019"]
[Site "Berlin"]
[Date "2019.10.17"]
[Round "6.10"]
[White "Schnabel, Ralf"]
[Black "Riering, Berthold"]
[Result "1-0"]
[WhiteElo "2235"]
[BlackElo "1983"]
[PlyCount "97"]
[EventDate "2019.??.??"]

1. e4 c6 2. d4 d5 3. Nd2 dxe4 4. Nxe4 Bf5 5. Ng3 Bg6 6. h4 h6 7. Nf3 e6 8. Ne5
Bh7 9. Bd3 Bxd3 10. Qxd3 Nd7 11. f4 Be7 12. Bd2 Nxe5 13. fxe5 Bxh4 14. O-O-O
Bxg3 15. Qxg3 Ne7 16. Qxg7 Rg8 17. Qxh6 Qd5 18. Rhf1 Qxg2 19. Qh5 Qg6 20. Qxg6
Rxg6 21. Rg1 Rd8 22. Rxg6 Nxg6 23. Bg5 Rd5 24. c4 Rd7 25. Bf6 Nf4 26. Kc2 c5
27. dxc5 Rxd1 28. Kxd1 Nd3 29. Kc2 Nxc5 30. b4 Nd7 31. Bg7 Ke7 32. Kd3 Nb6 {(=)
} 33. Kd4 Kd7 34. Bf8 Ke8 35. Bc5 Nc8 36. b5 Kd7 37. a4 a6 38. Ke4 Kc7 39. Kf4
axb5 40. axb5 Nb6 41. Bxb6+ Kxb6 42. Ke4 Kc5 43. Kd3 Kb4 44. Kd4 b6 45. Kd3 Kb3
46. c5 bxc5 47. b6 c4+ 48. Ke2 c3 49. b7 1-0

[Event "Lichtenrader Herbst 2019"]
[Site "Berlin"]
[Date "2019.10.17"]
[Round "6.11"]
[White "Jaeschke, Jens-Uwe"]
[Black "Roehr, Oliver"]
[Result "1/2-1/2"]
[WhiteElo "2116"]
[BlackElo "1987"]
[PlyCount "45"]
[EventDate "2019.??.??"]

1. Nf3 Nf6 2. g3 e6 3. Bg2 d5 4. d4 Be7 5. O-O O-O 6. c4 dxc4 7. Ne5 Nc6 8.
Nxc6 bxc6 9. Qc2 Rb8 10. Qxc4 Rb4 11. Qc2 Qxd4 12. Nc3 Nd5 13. Rd1 Qe5 14. e4
Nxc3 15. bxc3 Bf6 16. Be3 Qxc3 17. Qxc3 Bxc3 18. Rac1 Bb2 19. Rxc6 Ra4 20. Rxc7
Rxa2 21. Rxa7 Rxa7 22. Bxa7 Bf6 23. f4 1/2-1/2

[Event "Lichtenrader Herbst 2019"]
[Site "Berlin"]
[Date "2019.10.17"]
[Round "6.12"]
[White "Rettore, Ludwig"]
[Black "Kostanyan, Hakob"]
[Result "1-0"]
[WhiteElo "2068"]
[BlackElo "1887"]
[PlyCount "57"]
[EventDate "2019.??.??"]

1. e4 e5 2. Nf3 Nc6 3. Bb5 a6 4. Ba4 Nf6 5. O-O b5 6. Bb3 Be7 7. Re1 O-O 8. c3
d6 9. h3 Na5 10. Bc2 c5 11. d4 Qc7 12. d5 Bd7 13. Nbd2 Nb7 14. Nf1 a5 15. a4 b4
16. c4 Kh8 17. Ng3 Ng8 18. b3 g6 19. Bb2 Bf6 20. Nh2 Rae8 21. Rf1 g5 22. Ng4
Bg7 23. Ne3 Ne7 24. Ngf5 Nxf5 25. exf5 Qc8 26. f6 Rg8 27. Qh5 h6 28. Qxf7 e4
29. Qg6 1-0

[Event "Lichtenrader Herbst 2019"]
[Site "Berlin"]
[Date "2019.10.17"]
[Round "6.13"]
[White "Pixa, Richard"]
[Black "Grillich, Alexander"]
[Result "1-0"]
[WhiteElo "2075"]
[BlackElo "1924"]
[PlyCount "81"]
[EventDate "2019.??.??"]

1. e4 d6 2. d4 g6 3. c4 Bg7 4. Nc3 c6 5. Be3 Nf6 6. f3 Nbd7 7. Qd2 a5 8. Nge2
h5 9. Nc1 Qc7 10. Be2 b6 11. Rb1 Ba6 12. a3 e5 13. d5 cxd5 14. cxd5 Bxe2 15.
Qxe2 O-O 16. Nb5 Qb8 17. O-O Rc8 18. Nd3 Nc5 19. Rfc1 Bf8 20. Rc3 Qb7 21. Rbc1
Qa6 22. Nf2 Ne8 23. Kf1 a4 24. R3c2 Nc7 25. Nxc7 Qxe2+ 26. Kxe2 Rxc7 27. Rc4 b5
28. R4c3 Rb7 29. Nd3 Nb3 30. R1c2 Na1 31. Rc1 Nb3 32. R1c2 Na1 33. Rc8 Nxc2 34.
Rxa8 Nxe3 35. Kxe3 f5 36. Nb4 Kf7 37. Nc6 Be7 38. Kd3 fxe4+ 39. fxe4 h4 40. h3
Kg7 41. Ra7 1-0

[Event "Lichtenrader Herbst 2019"]
[Site "Berlin"]
[Date "2019.10.17"]
[Round "6.14"]
[White "Petersen, Marcel"]
[Black "Federau, Juergen"]
[Result "1-0"]
[WhiteElo "1818"]
[BlackElo "2083"]
[PlyCount "105"]
[EventDate "2019.??.??"]

1. e4 c5 2. Nf3 d6 3. d4 cxd4 4. Nxd4 Nf6 5. Nc3 a6 6. Be2 e5 7. Nb3 Be7 8. O-O
O-O 9. f4 Nc6 10. f5 b5 11. a3 Bb7 12. Be3 Rc8 13. Bf3 Na5 14. Nxa5 Qxa5 15.
Qd3 Qc7 16. g4 h6 17. Rac1 Qc4 18. h3 Rfe8 19. Rfe1 Qxd3 20. cxd3 Nd7 21. b4
Bg5 22. Bxg5 hxg5 23. Bd1 Rc7 24. Bb3 Rec8 25. Ne2 Rxc1 26. Rxc1 Rxc1+ 27. Nxc1
Nf6 28. Ne2 d5 29. exd5 Bxd5 30. Bc2 Kf8 31. Nc3 Ke7 32. Kf2 Kd6 33. Kg3 Nd7
34. Bd1 f6 35. h4 gxh4+ 36. Kxh4 Nb6 37. Kg3 Bc6 38. Bb3 Bb7 39. Kh4 Nc8 40. a4
bxa4 41. Nxa4 Bc6 42. Nc3 Ne7 43. Bc4 Bb7 44. Kh5 Bf3 45. Ne4+ Bxe4 46. dxe4
Nc6 47. Kg6 Nxb4 48. Kxg7 a5 49. Kxf6 a4 50. g5 a3 51. g6 Nc6 52. g7 Ne7 53.
g8=Q 1-0

[Event "Lichtenrader Herbst 2019"]
[Site "Berlin"]
[Date "2019.10.17"]
[Round "6.15"]
[White "Budt, Matthias"]
[Black "Tham, Minh"]
[Result "1-0"]
[WhiteElo "2188"]
[BlackElo "1856"]
[PlyCount "55"]
[EventDate "2019.??.??"]

1. d4 d5 2. c4 e6 3. Nc3 c6 4. Nf3 f5 5. Bf4 Nf6 6. e3 Be7 7. Bd3 O-O 8. Qc2
Bd7 9. h3 Ne4 10. g4 g5 11. Bxb8 Rxb8 12. gxf5 Nxc3 13. Qxc3 exf5 14. O-O-O Be6
15. Rhg1 h6 16. Ne5 Kg7 17. f4 Rc8 18. Kb1 Qd6 19. Nf3 Qd8 20. fxg5 hxg5 21.
Nxg5 Bxg5 22. h4 Kf6 23. Rxg5 Rg8 24. Rdg1 Rxg5 25. hxg5+ Kg6 26. c5 Qc7 27.
Rh1 Kxg5 28. Qe1 1-0

[Event "Lichtenrader Herbst 2019"]
[Site "Berlin"]
[Date "2019.10.17"]
[Round "6.16"]
[White "Ploder, Udo"]
[Black "Hommel, Niclas"]
[Result "1/2-1/2"]
[WhiteElo "1932"]
[BlackElo "2065"]
[PlyCount "134"]
[EventDate "2019.??.??"]

1. e4 c5 2. Nf3 e6 3. d4 cxd4 4. Nxd4 a6 5. Nc3 Qc7 6. Qf3 Nf6 7. Be3 Bb4 8.
Nde2 Nc6 9. O-O-O Ne5 10. Qg3 O-O 11. Bd4 d6 12. f4 Ned7 13. e5 dxe5 14. fxe5
Ne8 15. Ne4 b5 16. Nf4 Bb7 17. Ng5 h6 18. Bd3 hxg5 19. Qxg5 Nc5 20. Bxc5 Bxc5
21. Nh5 Be7 22. Qg3 f5 23. Rhe1 Be4 24. Rxe4 fxe4 25. Bxe4 Rf5 26. Bxa8 Rxh5
27. Qg6 Bg5+ 28. Kb1 Qf7 29. Be4 Be3 30. a3 Rh6 31. Qg3 Bb6 32. Bc6 g6 33. Ka2
Ng7 34. Rd7 Qf5 35. Rd2 Kh7 36. Bf3 Bc7 37. Re2 Bd8 38. Re4 Qg5 39. Rg4 Qe3 40.
Re4 Qg5 41. Rg4 Qe3 42. Re4 Qd2 43. Re2 Qg5 44. Qf2 Rxh2 45. Qa7 a5 46. Qc5 b4
47. axb4 axb4 48. Qxb4 Rh4 49. Qb5 Qe7 50. c4 Qa7+ 51. Kb1 Qd4 52. Rc2 Qd3 53.
Qa4 Bc7 54. Ka2 Bxe5 55. Be2 Qd6 56. Qb5 Qc7 57. c5 Re4 58. c6 Qa7+ 59. Kb1 Ra4
60. Rc5 Ra1+ 61. Kc2 Bf4 62. Bc4 Rc1+ 63. Kb3 Nf5 64. Qb7+ Qxb7+ 65. cxb7 Ne7
66. Rc8 Kg7 67. b8=Q Bxb8 1/2-1/2

[Event "Lichtenrader Herbst 2019"]
[Site "Berlin"]
[Date "2019.10.17"]
[Round "6.17"]
[White "Miettinen, Teemu"]
[Black "Bergmann, Jens"]
[Result "1-0"]
[WhiteElo "2032"]
[BlackElo "1856"]
[PlyCount "101"]
[EventDate "2019.??.??"]

1. d4 Nf6 2. c4 e6 3. Nc3 Bb4 4. f3 c5 5. d5 O-O 6. e4 exd5 7. cxd5 d6 8. Nge2
Nh5 9. g4 Qh4+ 10. Kd2 Qf2 11. gxh5 f5 12. Kc2 Bxc3 13. bxc3 fxe4 14. fxe4 Bg4
15. Rg1 Bxh5 16. Bg5 Qxh2 17. Qd2 Rf2 18. Re1 Bg6 19. Qe3 Qxg1 20. Kb3 Qh2 21.
Bf4 Rxf4 22. Nxf4 Nd7 23. Nxg6 hxg6 24. Bh3 Nf8 25. Qf3 c4+ 26. Ka3 Re8 27. Rf1
Qe5 28. Be6+ Kh8 29. Rh1+ Nh7 30. Qh3 Qh5 31. Qg2 Qe5 32. Qh3 Qh5 33. Qg2 Qe5
34. Rh3 Rxe6 35. dxe6 Qxe6 36. Qh2 Qg8 37. Qxd6 g5 38. e5 g4 39. Rh1 g3 40. Rg1
Qf7 41. Rxg3 Nf8 42. Re3 Qf1 43. Qd2 Ne6 44. Re1 Qf3 45. Re3 Qf1 46. Qe1 Qf8+
47. Kb2 Nc5 48. Qh1+ Kg8 49. Qd5+ Qf7 50. Qxc5 Qf2+ 51. Ka3 1-0

[Event "Lichtenrader Herbst 2019"]
[Site "Berlin"]
[Date "2019.10.17"]
[Round "6.18"]
[White "Lopez Gomez, Jose Pablo"]
[Black "Fock, Amina"]
[Result "1-0"]
[WhiteElo "2064"]
[BlackElo "1749"]
[PlyCount "105"]
[EventDate "2019.??.??"]

1. e4 c5 2. Nf3 d6 3. d4 cxd4 4. Qxd4 a6 5. c4 Nc6 6. Qd2 Nf6 7. Nc3 g6 8. h3
Bg7 9. Bd3 O-O 10. O-O Nd7 11. b3 Nc5 12. Bb2 Nxd3 13. Qxd3 f5 14. Rad1 Nb4 15.
Qe2 fxe4 16. Nxe4 Bxb2 17. Qxb2 Bxh3 18. Neg5 Bd7 19. Qd2 Nc6 20. Qd5+ Kg7 21.
c5 Rf5 22. Qc4 h6 23. Ne4 d5 24. Qc3+ Kh7 25. Ng3 Rxf3 26. Qxf3 Be6 27. Ne2 Bg8
28. Nf4 d4 29. Qe4 Bf7 30. Ne6 Bxe6 31. Qxe6 Qg8 32. Qe4 a5 33. f4 Rf8 34. Rf3
Rf5 35. Rdf1 Qd5 36. Qxd5 Rxd5 37. Rc1 h5 38. a3 Kg7 39. b4 axb4 40. axb4 Nxb4
41. Rb3 Na2 42. Rc2 Nc3 43. Rxb7 d3 44. Rxc3 d2 45. Rb1 d1=Q+ 46. Rxd1 Rxd1+
47. Kf2 Rd8 48. Ke3 e6 49. c6 Kf6 50. c7 Rc8 51. Ke4 Kf7 52. Ke5 Ke7 53. g3 1-0

[Event "Lichtenrader Herbst 2019"]
[Site "Berlin"]
[Date "2019.10.17"]
[Round "6.19"]
[White "Rouditser, Benjamin"]
[Black "Noeldner, Julian"]
[Result "1-0"]
[WhiteElo "1853"]
[BlackElo "2051"]
[PlyCount "105"]
[EventDate "2019.??.??"]

1. d4 Nf6 2. c4 g6 3. f3 e6 4. e4 c5 5. d5 d6 6. Nc3 Bg7 7. Nge2 exd5 8. Nxd5
Nxd5 9. Qxd5 Nc6 10. Bg5 Qa5+ 11. Bd2 Qb6 12. Bc3 Bxc3+ 13. bxc3 Be6 14. Qd2
Ne5 15. Nf4 Nxc4 16. Qc1 Ne5 17. Rb1 Qc7 18. Bb5+ Nd7 19. O-O O-O 20. Nxe6 fxe6
21. Bc4 Rae8 22. a4 Ne5 23. Bb5 Re7 24. f4 Ng4 25. h3 Nf6 26. f5 c4 27. Rb4
Nxe4 28. Rxc4 Qb6+ 29. Kh2 d5 30. Rxe4 dxe4 31. fxg6 Qc7+ 32. g3 Rxf1 33. gxh7+
Rxh7 34. Bxf1 Rg7 35. Qe3 Qb6 36. Qxe4 Qf2+ 37. Bg2 Qxg3+ 38. Kh1 e5 39. Qc4+
Kh8 40. Qc8+ Rg8 41. Qxb7 Qe1+ 42. Kh2 Qg3+ 43. Kh1 {(=)} Qe1+ 44. Kh2 Qxc3 45.
Qe4 Qd4 46. Qc6 Qf4+ 47. Kh1 Rd8 48. Bf3 Rd2 49. Qe8+ Kg7 50. Qe7+ Kh6 51. Qe6+
Kg5 52. Qe7+ Qf6 53. h4+ 1-0

[Event "Lichtenrader Herbst 2019"]
[Site "Berlin"]
[Date "2019.10.17"]
[Round "6.20"]
[White "Schnabel, Luise"]
[Black "Bolk, Matthias"]
[Result "1-0"]
[WhiteElo "1900"]
[BlackElo "2087"]
[PlyCount "23"]
[EventDate "2019.??.??"]

1. e4 g6 2. d4 Bg7 3. Nc3 d6 4. f4 Nc6 5. Nf3 Bg4 6. Be3 Bxf3 7. gxf3 e5 8.
fxe5 dxe5 9. d5 Nd4 10. Nb5 Nxb5 11. Bxb5+ c6 12. dxc6 1-0

[Event "Lichtenrader Herbst 2019"]
[Site "Berlin"]
[Date "2019.10.17"]
[Round "6.21"]
[White "Arndt, Uwe"]
[Black "Seitz, Manuel"]
[Result "1-0"]
[WhiteElo "1942"]
[BlackElo "1809"]
[PlyCount "41"]
[EventDate "2019.??.??"]

1. d4 Nf6 2. c4 e5 3. dxe5 Ng4 4. Bf4 Nc6 5. Nf3 Bb4+ 6. Nbd2 Qe7 7. e3 Ngxe5
8. Nxe5 Nxe5 9. Be2 d6 10. O-O O-O 11. Nb3 Be6 12. a3 Bxa3 13. Bxe5 dxe5 14.
Rxa3 Qg5 15. Nc5 Rfe8 16. Nxe6 Rxe6 17. Qd7 Rg6 18. Bf3 Rh6 19. Rxa7 Rf8 20.
Bd5 Qh5 21. h3 1-0

[Event "Lichtenrader Herbst 2019"]
[Site "Berlin"]
[Date "2019.10.17"]
[Round "6.22"]
[White "Guenther, Thomas"]
[Black "Francois, Yannick"]
[Result "1-0"]
[WhiteElo "1966"]
[BlackElo "1783"]
[PlyCount "103"]
[EventDate "2019.??.??"]

1. Nf3 Nf6 2. e3 e6 3. c4 d5 4. b3 Be7 5. Bb2 b6 6. cxd5 exd5 7. Bb5+ c6 8. Be2
Bb7 9. O-O O-O 10. d4 Nbd7 11. Ne5 Rc8 12. Nd2 Ne4 13. f4 c5 14. Nxe4 dxe4 15.
Bg4 f5 16. Be2 Nf6 17. Bc4+ Bd5 18. Qe2 Bxc4 19. bxc4 cxd4 20. exd4 Qc7 21.
Rfc1 Bd6 22. h3 Qe7 23. a4 Bb4 24. Kh1 Qd6 25. Qe3 a5 26. Ba3 Rfd8 27. Bxb4
Qxb4 28. Rcb1 Qd6 29. d5 Nd7 30. Nc6 Re8 31. g3 Qc7 32. Kg2 Nc5 33. Qd4 Nd7 34.
Ra2 e3 35. Re1 Re4 36. Qc3 Rce8 37. Rae2 Nc5 38. Rxe3 Nxa4 39. Qa3 Nc5 40. Rxe4
Rxe4 41. Rxe4 Nxe4 42. Ne7+ Kf7 43. Nxf5 Qxc4 44. Qe7+ Kg6 45. Qe6+ Nf6 46.
Ne7+ Kh6 47. Ng8+ Kg6 48. f5+ Kg5 49. Qe3+ Kh5 50. Nxf6+ gxf6 51. g4+ Kh4 52.
Qh6# 1-0